000 00359nam a2200145Ia 4500
008 230917s9999||||xx |||||||||||||| ||und||
040 _e37017
_aMAIN
041 _aEnglish
082 _a340 S71S
100 _aSaraf, D N
245 0 _aSupplement to law of consumer protection in India
260 _aBombay
_bTripathi
_c1990
300 _a259 p.
942 _cBK
999 _c75399
_d75399